Statistics for NFL Top 100 (2020)

Click here to take the quiz!

General Stats

  • This quiz has been taken 7 times
  • The average score is 76 of 100

Answer Stats

RankingPlayer% Correct
3 (Rams) (DT)Aaron Donald
100%
33 (Packers) (RB)Aaron Jones
100%
16 (Packers) (QB)Aaron Rodgers
100%
15 (Cardinals) (LB)Chandler Jones
100%
38 (Buccaneers) (WR)Chris Godwin
100%
52 (Chiefs) (DT)Chris Jones
100%
21 (Vikings) (RB)Dalvin Cook
100%
10 (Titans) (RB)Derrick Henry
100%
7 (49ers) (TE)George Kittle
100%
64 (Vikings) (S)Harrison Smith
100%
94 (Eagles) (C)Jason Kelce
100%
88 (Cowboys) (LB)Jaylon Smith
100%
45 (Texans) (DE)J.J. Watt
100%
34 (Chargers) (DE)Joey Bosa
100%
11 (Falcons) (WR)Julio Jones
100%
1 (Ravens) (QB)Lamar Jackson
100%
17 (49ers) (DE)Nick Bosa
100%
4 (Chiefs) (QB)Patrick Mahomes
100%
63 (Packers) (LB)Preston Smith
100%
2 (Seahawks) (QB)Russell Wilson
100%
25 (Steelers) (LB)T.J. Watt
100%
18 (Chiefs) (TE)Travis Kelce
100%
22 (Chiefs) (WR)Tyreek Hill
100%
78 (Cowboys) (OT)Tyron Smith
100%
48 (Packers) (LB)Za'Darius Smith
100%
42 (Saints) (RB)Alvin Kamara
86%
49 (Cowboys) (WR)Amari Cooper
86%
13 (Seahawks) (LB)Bobby Wagner
86%
6 (Panthers) (RB)Christian McCaffrey
86%
46 (Cowboys) (QB)Dak Prescott
86%
57 (Packers) (WR)Davante Adams
86%
8 (Texans) (WR)DeAndre Hopkins
86%
20 (Texans) (QB)Deshaun Watson
86%
81 (Seahawks) (WR)DK Metcalf
86%
12 (Saints) (QB)Drew Brees
86%
75 (Ravens) (S)Earl Thomas
86%
24 (Cowboys) (RB)Ezekiel Elliott
86%
37 (Rams) (CB)Jalen Ramsey
86%
27 (Jets) (S)Jamal Adams
86%
72 (Raiders) (RB)Josh Jacobs
86%
19 (Bears) (LB)Khalil Mack
86%
5 (Saints) (WR)Michael Thomas
86%
30 (Buccaneers) (WR)Mike Evans
86%
35 (Steelers) (S)Minkah Fitzpatrick
86%
36 (Browns) (RB)Nick Chubb
86%
59 (Browns) (WR)Odell Beckham Jr.
86%
68 (Titans) (QB)Ryan Tannehill
86%
31 (Giants) (RB)Saquon Barkley
86%
9 (Patriots) (CB)Stephon Gilmore
86%
51 (Rams) (RB)Todd Gurley
86%
14 (Patriots) (QB)Tom Brady
86%
47 (Bills) (CB)Tre'Davious White
86%
65 (Seahawks) (WR)Tyler Lockett
86%
79 (Ravens) (DE)Calais Campbell
71%
84 (Steelers) (DT)Cameron Heyward
71%
23 (Saints) (DE)Cameron Jordan
71%
89 (Rams) (WR)Cooper Kupp
71%
40 (Vikings) (DE)Danielle Hunter
71%
50 (Colts) (LB)Darius Leonard
71%
67 (Saints) (LB)Demario Davis
71%
43 (49ers) (QB)Jimmy Garoppolo
71%
87 (Bills) (QB)Josh Allen
71%
77 (Chargers) (WR)Keenan Allen
71%
58 (Vikings) (QB)Kirk Cousins
71%
90 (Cardinals) (QB)Kyler Murray
71%
69 (Cardinals) (WR)Larry Fitzgerald
71%
100 (Buccaneers) (LB)Lavonte David
71%
86 (Ravens) (CB)Marlon Humphrey
71%
80 (Browns) (DE)Myles Garrett
71%
29 (Colts) (OG)Quenton Nelson
71%
54 (Vikings) (WR)Stefon Diggs
71%
39 (Chiefs) (S)Tyrann Mathieu
71%
26 (Broncos) (LB)Von Miller
71%
85 (Eagles) (TE)Zach Ertz
71%
55 (Cowboys) (OG)Zack Martin
71%
93 (Bears) (WR)Allen Robinson
57%
97 (Cardinals) (S)Budda Baker
57%
96 (Seahawks) (RB)Chris Carson
57%
92 (Eagles) (CB)Darius Slay
57%
99 (Raiders) (TE)Darren Waller
57%
73 (Eagles) (DT)Fletcher Cox
57%
70 (49ers) (LB)Fred Warner
57%
61 (Browns) (WR)Jarvis Landry
57%
66 (Texans) (OT)Laremy Tunsil
57%
53 (Ravens) (CB)Marcus Peters
57%
76 (Saints) (CB)Marshon Lattimore
57%
28 (49ers) (CB)Richard Sherman
57%
62 (Packers) (OT)David Bakhtiari
43%
56 (49ers) (DT)DeForest Buckner
43%
95 (Chiefs) (DE)Frank Clark
43%
91 (Falcons) (DT)Grady Jarrett
43%
44 (Ravens) (RB)Mark Ingram
43%
74 (Ravens) (OT)Ronnie Stanley
43%
82 (Saints) (OT)Ryan Ramczyk
43%
32 (Buccaneers) (LB)Shaquil Barrett
43%
98 (Eagles) (OG)Brandon Brooks
29%
83 (Vikings) (LB)Eric Kendricks
29%
41 (Seahawks) (LB)Jadeveon Clowney
14%
71 (Broncos) (DE)Jurrell Casey
14%
60 (Titans) (CB)Logan Ryan
14%

Score Distribution

Percentile by Number Answered

Percent of People with Each Score

Your Score History

You have not taken this quiz